00722 2200205 4500001002100000005001700021008004100038035002400079040001200103082001100115090002000126100001600146245012700162260010300289300004200392500002700434504002800461650000900489990001800498YOGYA-0113000000083320130114084253.0 ind  0010-011300000000833 aYOPDYOG a332.04 aSK 332.04 Sri A aSRI PARYUNI aAnalisis perbandingan margin keuntungan antara pedagang pakaian dan pedagang Sovenir di Malioboro/disusun oleh Sri Paryuni aYogyakartabSekolah Tinggi Ilmu Ekonomi Kerjasama Jurusan Ilmu Ekonomi dan Studi Pembangunanc2002 aXIII, 69, (12) lbrbilus, lampc29 cm aSkripsi STIE Kerjasama aBibliografi (lbr.70-71) aLaba a42686-PD/A.12